| 000 | 00611nam a2200181Ia 4500 | ||
|---|---|---|---|
| 008 | 140609s9999 xx 000 0 und d | ||
| 020 | _a9781609187521 | ||
| 050 |
_aLB 1027.55 _b.M47 2012 |
||
| 100 | _aMerrell, Kenneth W. | ||
| 245 |
_aSchool psychology for the 21st century : _bfoundations and practices / _cKenneth W. Merrell, Ruth A. Ervin, Gretchen Gimpel Peacock |
||
| 250 | _a2nd ed. | ||
| 260 |
_aNew York : _bGuilford Press, _cc2012. |
||
| 300 |
_a380 p. ; _c26 cm. |
||
| 500 | _aIncludes appendix, bibliographical references and index. | ||
| 521 | _aPSYCH | ||
| 942 |
_kFOR _cBK |
||
| 999 |
_c117957 _d117957 |
||